Elementos de Análisis matemático y sus aplicaciones / (Record no. 22595)

MARC details
000 -LEADER
campo de control de longitud fija 00551nam a2200181 i 4500
001 - NÚMERO DE CONTROL
campo de control 22595
003 - IDENTIFICADOR DE NÚMERO DE CONTROL
campo de control ES-MaACL
005 - FECHA Y HORA DE LA ÚLTIMA TRANSACCIÓN
campo de control 20230906152725.0
007 - CAMPO FIJO DE DESCRIPCIÓN FÍSICA--INFORMACIÓN GENERAL
campo de control de longitud fija t|
008 - DATOS DE LONGITUD FIJA--INFORMACIÓN GENERAL
campo de control de longitud fija 021203s1934 sp ||||1| spa d
100 1# - ENTRADA PRINCIPAL--NOMBRE DE PERSONA
Nombre de persona Alonso-Misol, Félix.
9 (RLIN) 20362
245 10 - MENCIÓN DEL TÍTULO
Título Elementos de Análisis matemático y sus aplicaciones /
Mención de responsabilidad, etc. por Félix Alonso-Misol.
250 ## - MENCION DE EDICION
Mención de edición 3ª ed.
260 ## - PUBLICACIÓN, DISTRIBUCIÓN, ETC.
Lugar de publicación, distribución, etc. Madrid :
Nombre del editor, distribuidor, etc. [s.n.,
Fecha de publicación, distribución, etc. 1934] (
Fabricante Sucs. de Rivadeneyra)
300 ## - DESCRIPCIÓN FÍSICA
Extensión 2 v. ;
Dimensiones 25 cm.
852 ## - LOCALIZACIÓN
Ubicación ES-MaACL
Número de control de estantería F-16044-45
Sublocalización o colección R.20866
852 ## - LOCALIZACIÓN
Ubicación ES-MaACL
Número de control de estantería C-4661-62
Sublocalización o colección R.24357
Holdings
Estatus retirado Estado de pérdida Estado de daño No para préstamo Biblioteca de origen Biblioteca actual Ubicación en estantería Fecha de adquisición Fuente de adquisición Total de préstamos Signatura topográfica completa Código de barras Visto por última vez Precio de reemplazo Tipo de ítem Koha
        Biblioteca del Ateneo de Madrid Biblioteca del Ateneo de Madrid Sala Palomar 17/01/2008     C-4661-62 1023262 23/02/2023 23/02/2023 Libro impreso
        Biblioteca del Ateneo de Madrid Biblioteca del Ateneo de Madrid Sala Pecera Planta 2 17/01/2008     F-16044-45 1023261 23/02/2023 23/02/2023 Libro impreso